Szczegóły MARC21

Ekonomia. T. 1, Mikroekonomia /

003 -Nazwa inst., której nr kontr. jest w polu 001 [,]
    • @
    • Nazwa instytucji, której n kontrolny jest w polu 001
    • NUKAT
005 -DATA I CZAS OSTATNIEJ MODYFIKACJI [,]
    • @
    • pole kontrolne
    • 20250623150121.0
020 -Międzynarod. znormalizowany nr książki - ISBN [ , ]
    • a
    • Numer ISBN
    • 8320808782 Find
020 -Międzynarod. znormalizowany nr książki - ISBN [ , ]
    • a
    • Numer ISBN
    • 8320809231 Find
    • q
    • Dopowiedzenie
    • t. 1
040 -Instytucja sporządzająca opis [ , ]
    • a
    • Instytucja, która sporządziła opis (NP)
    • TOR U/lf
    • b
    • Język katalogowania
    • pol
    • e
    • Zasady katalogowania
    • rda
    • c
    • Instytucja, która sporządziła rekord (NP)
    • TOR U/lf
    • d
    • Instytucja, która zmodyfikowała rekord (P)
    • TOR U/LF
    • d
    • Instytucja, która zmodyfikowała rekord (P)
    • LUBL M/ABs
    • d
    • Instytucja, która zmodyfikowała rekord (P)
    • KR 7/TS
    • d
    • Instytucja, która zmodyfikowała rekord (P)
    • OLSZT 003/DS
    • d
    • Instytucja, która zmodyfikowała rekord (P)
    • GL 001/FAN
041 -Język dokumentu [1, ]
    • a
    • Język tekstu (P)
    • polski
    • h
    • Język tekstu oryginalnego i/lub pośredniego (P)
    • angielski
942 -Rodzaj dokumentu [ , ]
    • c
    • Rodzaj dokumentu
    • Książka
100 -Hasło główne - nazwa osobowa [1, ]
    • a
    • Nazwa osobowa (NP)
    • Begg, David K. H.
    • e
    • Rodzaj współpracy
    • Autor
    • 9
    • KHW
    • 832
240 -Tytuł ujednolicony [1,0]
    • a
    • Tytuł ujednolicony
    • Economics
    • l
    • Język tekstu
    • (pol.)
    • 9
    • KHW
    • 849
245 -Strefa tytułu i oznaczenia odpowiedzialności [1,0]
    • a
    • Tytuł
    • Ekonomia. Find
    • n
    • Oznaczenie części (P)
    • T. 1,
    • p
    • Nazwa części (P)
    • Mikroekonomia /
    • c
    • Pozostałe elementy strefy tytułu i oznaczenia odpowiedzialności (NP)
    • David Begg, Stanley Fischer, Rudiger Dornbusch ; redakcja naukowa: Bogusław Czarny, Zbigniew Matkowski, Ryszard Rapacki ; tłumaczenie Bogusław Czarny, Ewa Freyberg, Marian Geldner, Zbigniew Matkowski, Michał Rusiński.
246 -Wariant tytułu [3,0]
    • a
    • Tytuł (NP)
    • Mikroekonomia
250 -Strefa wydania [ , ]
    • a
    • Oznaczenie wydania (NP)
    • Wyd. I.
260 -Strefa adresu wydawniczego [ , ]
    • a
    • Miejsce wydania (P)
    • Warszawa :
    • b
    • Nazwa wydawcy (P)
    • Państwowe Wydawnictwo Ekonomiczne,
    • c
    • Data wydania (P)
    • 1993.
300 -Strefa opisu fizycznego [ , ]
    • a
    • Określenie formy książki i/lub objętość (NP)
    • 576 stron :
    • b
    • Oznaczenie ilustracji (NP)
    • ilustracje ;
    • c
    • Format (NP)
    • 24 cm.
336 -Typ zawartości [ , ]
    • a
    • Termin opisujący typ zawartości
    • Tekst
    • b
    • Kod określający zawartość
    • txt
    • 2
    • Źródło (terminu i kodu)
    • rdacontent
337 -Typ mediów [ , ]
    • a
    • Tryb odtwarzania
    • Bez urządzenia pośredniczącego
    • b
    • Kod typu mediów
    • n
    • 2
    • Źródło (terminu i kodu)
    • rdamedia
338 -Typ/rodzaj nośnika [ , ]
    • a
    • Hasło opisujące typ nośnika
    • Wolumin
    • b
    • Kod typu nośnika
    • nc
    • 2
    • Źródło (terminu i kodu)
    • rdacarrier
500 -Uwaga ogólna [ , ]
    • a
    • Uwaga ogólna (NP)
    • Tytuł tomu na stronie 4 okładki.
080 -Uniwersalna Klasyfikacja Dziesiętna [ , ]
    • a
    • Symbol klasyfikacji
    • 33(075.8)
650 -Hasło przedmiotowe [ ,7]
    • a
    • Hasło przedmiotowe
    • Mikroekonomia
    • v
    • Określnik formalny
    • podręczniki akademickie.
    • 2
    • Źródło terminu
    • kaba
    • 9
    • KHW
    • 352804
980 -Symbol UKD [ , ]
    • a
    • UKD
    • 33(075.8)
700 -Hasło dodatkowe - nazwa osobowa [1, ]
    • a
    • Nazwa osobowa (NP)
    • Fischer, Stanley Find
    • d
    • Daty biograficzne (NP)
    • (1943-2025).
    • e
    • Określenie rodzaju współpracy
    • Autor
    • 9
    • KHW
    • 834
700 -Hasło dodatkowe - nazwa osobowa [1, ]
    • a
    • Nazwa osobowa (NP)
    • Dornbusch, Rudiger Find
    • d
    • Daty biograficzne (NP)
    • (1942-2002).
    • e
    • Określenie rodzaju współpracy
    • Autor
    • 9
    • KHW
    • 836
700 -Hasło dodatkowe - nazwa osobowa [1, ]
    • a
    • Nazwa osobowa (NP)
    • Czarny, Bogusław Find
    • d
    • Daty biograficzne (NP)
    • (1957- ).
    • e
    • Określenie rodzaju współpracy
    • Redakcja
    • e
    • Określenie rodzaju współpracy
    • Tłumaczenie
    • 9
    • KHW
    • 843
700 -Hasło dodatkowe - nazwa osobowa [1, ]
    • a
    • Nazwa osobowa (NP)
    • Matkowski, Zbigniew. Find
    • e
    • Określenie rodzaju współpracy
    • Redakcja
    • e
    • Określenie rodzaju współpracy
    • Tłumaczenie
    • 9
    • KHW
    • 15178
700 -Hasło dodatkowe - nazwa osobowa [1, ]
    • a
    • Nazwa osobowa (NP)
    • Rapacki, Ryszard. Find
    • e
    • Określenie rodzaju współpracy
    • Redakcja
    • 9
    • KHW
    • 838
700 -Hasło dodatkowe - nazwa osobowa [1, ]
    • a
    • Nazwa osobowa (NP)
    • Freyberg, Ewa. Find
    • e
    • Określenie rodzaju współpracy
    • Tłumaczenie
    • 9
    • KHW
    • 577984
700 -Hasło dodatkowe - nazwa osobowa [1, ]
    • a
    • Nazwa osobowa (NP)
    • Geldner, Marian. Find
    • e
    • Określenie rodzaju współpracy
    • Tłumaczenie
    • 9
    • KHW
    • 49061
700 -Hasło dodatkowe - nazwa osobowa [1, ]
    • a
    • Nazwa osobowa (NP)
    • Rusiński, Michał. Find
    • e
    • Określenie rodzaju współpracy
    • Tłumaczenie
    • 9
    • KHW
    • 21168
710 -Hasło dodatkowe - nazwa ciała zbiorowego [2, ]
    • a
    • Nazwa ciała zbiorowego lub nazwa geograficzna jako pierwszy element (NP)
    • Państwowe Wydawnictwo Ekonomiczne.
    • e
    • Rodzaj współpracy
    • Wydawca
    • 4
    • Kod relacji
    • pbl
    • 9
    • KHW
    • 56286
920 -ISBN [ , ]
    • a
    • ISBN
    • 83-208-0878-2 Find
920 -ISBN [ , ]
    • a
    • ISBN
    • 83-208-0923-1 Find
    • q
    • Dopowiedzenie
    • t. 1
Sygnatura Status udost. Numer inwentarzowy Lokalizacja Data inwentaryzacji
 2S.76060BE1994-09-01
 2S.76061BE1994-09-01
 2S.76062BE1994-09-01
 2S.76063BE1994-09-01
 2S.76064BE1994-09-01
 2S.76065BE1994-09-01
 2E.61931BE1994-09-01
 2S.76173BE1994-09-01
 2S.76174BE1994-09-01
 2S.76175BE1994-09-01
 2S.76176BE1994-09-01
 2S.76177BE1994-09-01
 -6S.76178BE1994-09-01
 2S.76179BE1994-09-01
 2S.76180BE1994-09-01
 2S.76181BE1994-09-01
 2S.76182BE1994-09-01
 2S.76183BE1994-09-01
 2S.76184BE1994-09-01
 2S.76185BE1994-09-01
 2S.76186BE1994-09-01
 2S.76187BE1994-09-01
 2S.76188BE1994-09-01
 -2E.61953BE1994-09-01
 2S.79205BE1996-10-02
 2S.79206BE1996-10-02
 -3S.80900BE1997-09-30
 -6S.81170BE1997-10-15
Z.825601Z.82560BG1994-09-01
Z.825601Z.84145BG1994-09-01
W.181110-5W.181110BG1994-09-01
W.181110-5W.181111BG1994-09-01
W.1811102W.181112BG1994-09-01
W.181110-5W.181113BG1994-09-01
W.181110-5W.181114BG1994-09-01
W.1811102W.181115BG1994-09-01
W.1811102W.181116BG1994-09-01
W.1811102W.181117BG1994-09-01
W.1811102W.181118BG1994-09-01
W.1811102W.181119BG1994-09-01
W.1811102W.181120BG1994-09-01
W.1811102W.181121BG1994-09-01
W.1811102W.181122BG1994-09-01
W.1811102W.181123BG1994-09-01
W.1811102W.181124BG1994-09-01
Z.825602Z.84091BG1994-09-01
SA.61011SA.6101BSA1994-09-01
SA.6102-3SA.6102BSA1994-09-01
SA.61082SA.6108BSA1994-09-01
SA.61092SA.6109BSA1994-09-01
33-3GW.5368GW2015-10-26
 -3TS.76066T1994-09-01
 -3TS.76067T1994-09-01
 -11TS.76068T1994-09-01
 -11TS.76069T1994-09-01
 -11TS.76070T1994-09-01
 -11TS.76071T1994-09-01
 -3TS.76072T1994-09-01
 -11TS.76073T1994-09-01
 -3TS.76074T1994-09-01
 -3TS.76075T1994-09-01
 -3TS.76076T1994-09-01
 -11TS.76077T1994-09-01
 -11TS.76078T1994-09-01
 -11TS.76079T1994-09-01